[Event "JPN-ch (Women)"]
[Site "Tokyo"]
[Date "2022.08.21"]
[Round "4"]
[White "Mitsuyama, Rikka"]
[Black "Ishizuka, Mirai"]
[Result "1-0"]
[WhiteElo "1157"]
[BlackElo "1719"]
[PlyCount "113"]
[EventDate "2022.08.20"]
[EventType "swiss"]
[EventRounds "6"]
[EventCountry "JPN"]
[SourceTitle "CBM 210 Extra"]
[Source "ChessBase"]
[SourceDate "2022.11.30"]
[SourceVersion "1"]
[SourceVersionDate "2022.11.30"]
[SourceQuality "1"]

1. d4 d5 2. c4 e6 3. Nc3 Nf6 4. Bg5 Be7 5. Nf3 0-0 6. e3 b6 7. cxd5 exd5 8. Rc1 Bb7 9. Qc2 Nbd7 10. Bd3 h6 11. Bh4 Re8 12. 0-0 c6 13. a3 a5 14. Na4 b5 15. Qb3 Ra7 16. Nc3 Nb6 17. Nb1 Nc4 18. Nbd2 Nd7 19. Bg3 Bf6 20. Qc2 Ndb6 21. Nb3 Na4 22. Rb1 Qe7 23. Nbd2 Nab6 24. a4 Nxd2 25. Nxd2 Nxa4 26. Ra1 Qb4 27. Nb3 Nb6 28. Nc5 Nc4 29. b3 Nd2 30. Rfd1 Ne4 31. Bxe4 dxe4 32. f3 exf3 33. Be1 Qxc5 34. Qxc5 Raa8 35. gxf3 Rxe3 36. Bf2 Rxb3 37. Qb6 Re8 38. Qxb7 a4 39. Qxc6 Re2 40. Rab1 Reb2 41. Rxb2 Rxb2 42. Qc3 Rb3 43. Qc2 Be7 44. Qxb3 axb3 45. Rb1 b4 46. Rxb3 f5 47. Be1 Kf7 48. Bxb4 Bf6 49. d5 Ke8 50. Bc3 Bg5 51. Bxg7 Kf7 52. Rb7+ Ke8 53. d6 h5 54. Bd4 h4 55. d7+ Kd8 56. f4 Bh6 57. Bf6# 1-0

[Event "Olympiad Women-44"]
[Site "Chennai"]
[Date "2022.08.08"]
[Round "10.4"]
[White "Maradiaga, Cesia"]
[Black "Mitsuyama, Rikka"]
[Result "0-1"]
[WhiteElo "1533"]
[BlackElo "1157"]
[PlyCount "108"]
[EventDate "2022.07.29"]
[EventType "team-swiss"]
[EventRounds "11"]
[EventCountry "IND"]
[SourceTitle "CBM 210"]
[Source "ChessBase"]
[SourceDate "2022.10.31"]
[SourceVersion "1"]
[SourceVersionDate "2022.10.31"]
[SourceQuality "1"]
[WhiteTeam "Honduras (W)"]
[BlackTeam "Japan (W)"]
[WhiteTeamCountry "HON"]
[BlackTeamCountry "JPN"]

1. b3 d5 2. e3 c5 3. Bb2 Nc6 4. Bb5 Nf6 5. Nf3 a6 6. Bxc6+ bxc6 7. h3 Bf5 8. Nh4 Bc8 9. 0-0 e6 10. Nf3 Bd6 11. d3 0-0 12. Nbd2 Re8 13. c4 e5 14. d4 cxd4 15. exd4 e4 16. Ne5 Qc7 17. c5 Bxe5 18. dxe5 Nd7 19. f3 e3 20. Nb1 Nxe5 21. Re1 Ng6 22. Qd4 f6 23. Rxe3 Bf5 24. Nd2 Qg3 25. Nf1 Qg5 26. f4 Nxf4 27. Rg3 Ne2+ 28. Kh2 Nxg3 29. Nxg3 Bd7 30. Bc1 Qe5 31. Qxe5 fxe5 32. Bb2 g6 33. Re1 e4 34. h4 Bg4 35. Nf1 Rf8 36. Ne3 Be6 37. Nc2 Rf2 38. Nd4 Bd7 39. Ne2 Bg4 40. Nd4 Rxb2 41. Nxc6 Re8 42. Nb4 Bf3 43. Nxd5 Re5 44. Nf6+ Kg7 45. Nd7 Rd5 46. c6 Rdd2 47. Rg1 Rxg2+ 48. Rxg2 Rxg2+ 49. Kh3 Rxa2 50. b4 Rc2 51. Nc5 Rxc5 52. bxc5 e3 53. c7 Bb7 54. Kg3 Kf6 0-1